| 000 | 00485nam a22001457a 4500 | ||
|---|---|---|---|
| 003 | MACL | ||
| 005 | 20190705155542.0 | ||
| 008 | 190705b xxu||||| |||| 00| 0 eng d | ||
| 040 | _cMACL | ||
| 100 |
_aपरमानंद,भाई _975804 |
||
| 245 | _aभाई परमानंद की जेल डायरी | ||
| 260 |
_aनई दिल्ली _bआकाशगंगा प्रकाशन _c2018 |
||
| 650 |
_aजेल डायरी _975805 |
||
| 942 |
_2ddc _cHIN |
||
| 999 |
_c60438 _d60438 |
||